| 000 | 00601nam a2200181 a 4500 | ||
|---|---|---|---|
| 005 | 20140412111314.0 | ||
| 008 | 010323s19uu xx 00 eng d | ||
| 020 | _a0-8114-6742-2 | ||
| 050 |
_aER _bIL5 1990 |
||
| 100 | _aAuster, Benjamin | ||
| 245 |
_aI like it whem . . . / _cby Benjamin Auster ; illustrated by Marsha Winborn. |
||
| 260 |
_aAustin, TX : _bSteck-Vaughn Comp, _c1990. |
||
| 300 | _a1 v. (unp.) ; ill. | ||
| 440 | _aReady-Set-Read | ||
| 520 | _aA boy describes the joys and problems involved in doing things with his family. | ||
| 650 | _aFamily life - Fiction | ||
| 999 |
_c104134 _d104134 |
||